000 01299nam0a22002891 4500
001 rc\834340
005 20260405100957.0
035 _a(NLR Aleph) 006016183
090 _a7379945
_c7379945
100 _a20041129d1983 |||y0rusy50 ca
101 0 _arus
102 _aRU
105 _aa |||||||||
200 1 _aПроектирование гидравлических приводов строительных и дорожных машин в северном исполнении
_e[Учеб. пособие]
_fС.В. Каверзин, В.А. Байкалов, С.И. Васильев
210 _aКрасноярск
_cКПИ
_d1983
215 _a95 с.
_cил.
_d20
300 _aВ надзаг.: Краснояр. политехн. ин-т
320 _aБиблиогр.: с. 92-94 (21 назв.)
700 1 _aКаверзин
_bС.В.
_gСергей Викторович
701 1 _aБайкалов
_bВ.А.
_gВиктор Андрианович
701 1 _8rus
_7ca
_aВасильев
_bС. И.
_cд-р техн. наук, подъемно-транспортные машины
_f1953-
_gСергей Иванович
_3RU\NLR\AUTH\7737023
_920012
801 0 _aRU
_bNLR
_gpsbo
801 1 _aRU
_bELAR
_2rusmarc
852 _aNLR
_j84-4/11337
942 _cBOOK
980 _aNB